[Event "CZE-chT2B 2223"]
[Site "Czech Republic"]
[Date "2023.03.05"]
[Round "10.6"]
[White "Janda, Jiri"]
[Black "Cozl, David"]
[Result "0-1"]
[WhiteElo "2127"]
[BlackElo "1905"]
[PlyCount "72"]
[EventDate "2022.10.16"]
[EventType "team-tourn"]
[EventRounds "11"]
[EventCountry "CZE"]
[SourceTitle "EXT 2024"]
[Source "ChessBase"]
[SourceDate "2023.10.10"]
[SourceVersion "1"]
[SourceVersionDate "2023.10.10"]
[SourceQuality "1"]
[WhiteTeam "Kobylisy"]
[BlackTeam "Kolesovice"]
[WhiteTeamCountry "CZE"]
[BlackTeamCountry "CZE"]

1. e4 c6 2. d4 d5 3. exd5 cxd5 4. c3 Nc6 5. Nf3 Nf6 6. Bf4 g6 7. Bd3 Bg7 8. 0-0 0-0 9. Nbd2 Re8 10. Re1 Nh5 11. Bg3 Nxg3 12. fxg3 Rb8 13. Qc2 Qd6 14. Rf1 Bd7 15. Rae1 Rbc8 16. Qb1 e5 17. dxe5 Nxe5 18. Nxe5 Rxe5 19. Rxe5 Qxe5 20. Re1 Qd6 21. Nb3 a5 22. Nd2 b5 23. Kh1 b4 24. c4 a4 25. Rd1 Bg4 26. Nf3 dxc4 27. Bxc4 Qf6 28. Qd3 Bf5 29. Qf1 Be6 30. Bxe6 Qxe6 31. Qb5 Qxa2 32. Qxb4 Bxb2 33. Qb7 Rf8 34. Ng5 a3 35. h4 Qc4 36. h5 Qe2 0-1

[Event "CZE-chT2B 2223"]
[Site "Czech Republic"]
[Date "2023.02.19"]
[Round "9.7"]
[White "Lusk, Jiri"]
[Black "Cozl, David"]
[Result "0-1"]
[WhiteElo "1776"]
[BlackElo "1905"]
[PlyCount "120"]
[EventDate "2022.10.16"]
[EventType "team-tourn"]
[EventRounds "11"]
[EventCountry "CZE"]
[SourceTitle "EXT 2024"]
[Source "ChessBase"]
[SourceDate "2023.10.10"]
[SourceVersion "1"]
[SourceVersionDate "2023.10.10"]
[SourceQuality "1"]
[WhiteTeam "Karlovy Vary"]
[BlackTeam "Kolesovice"]
[WhiteTeamCountry "CZE"]
[BlackTeamCountry "CZE"]

1. d4 d5 2. c4 c6 3. e3 Nf6 4. Nf3 g6 5. Nc3 Bg7 6. Bd3 0-0 7. 0-0 Re8 8. b3 c5 9. Bb2 cxd4 10. exd4 Nc6 11. h3 Nb4 12. Bb1 b6 13. a3 Na6 14. Ne5 Bb7 15. Bd3 dxc4 16. Bxc4 e6 17. Re1 Nc7 18. Rc1 Rc8 19. a4 a6 20. b4 Nfd5 21. Nxd5 Nxd5 22. b5 Nf4 23. Nc6 Qd6 24. Qf3 Rxc6 25. bxc6 Bxc6 26. Ba3 Bxf3 27. Bxd6 Nxg2 28. Rf1 Bxd4 29. Bxa6 e5 30. Rc8 Rxc8 31. Bxc8 Nf4 32. Rb1 f5 33. h4 Nd3 34. Bc7 Bxf2+ 35. Kf1 e4 36. Bxb6 e3 37. Bxe3 Bxe3 38. Rb3 Be4 39. a5 Bd4 40. a6 Ba7 41. Bb7 Nc5 42. Rb2 Bd3+ 43. Kg2 Kg7 44. Bc8 Kf6 45. Kh3 h6 46. Bb7 Bf1+ 47. Kh2 Bxa6 48. Bg2 Bd3 49. Rb4 g5 50. Kh3 Kg6 51. Rd4 Kh5 52. hxg5 hxg5 53. Rd8 Be4 54. Bf1 Ne6 55. Rh8+ Kg6 56. Rg8+ Kf6 57. Bc4 Nf4+ 58. Kg3 Ng6 59. Rd8 f4+ 60. Kg4 Ne5+ 0-1

[Event "Pardubice Czech op-E 31st"]
[Site "Pardubice"]
[Date "2020.09.18"]
[Round "3.3"]
[White "Kraus, Tomas"]
[Black "Cozl, David"]
[Result "1-0"]
[WhiteElo "2455"]
[BlackElo "1981"]
[PlyCount "53"]
[EventDate "2020.09.17"]
[EventType "team-swiss"]
[EventRounds "7"]
[EventCountry "CZE"]
[SourceTitle "CBM 198 Extra"]
[Source "ChessBase"]
[SourceDate "2020.11.30"]
[SourceVersion "1"]
[SourceVersionDate "2020.11.30"]
[SourceQuality "1"]
[WhiteTeam "Turnov Zikuda"]
[BlackTeam "Kolesovice Cesky Lev"]
[WhiteTeamCountry "CZE"]
[BlackTeamCountry "CZE"]

1. c4 g6 2. d4 Bg7 3. e4 c5 4. Nf3 cxd4 5. Nxd4 Qb6 6. Nb3 Nc6 7. Be2 Nf6 8. Nc3 d6 9. 0-0 0-0 10. Be3 Qd8 11. Rc1 b6 12. f3 Ba6 13. Nd4 Nxd4 14. Bxd4 Rc8 15. Qa4 Bb7 16. Qxa7 Rb8 17. Bxb6 Qc8 18. Bf2 Nd7 19. Qe3 Ne5 20. b3 Nc6 21. Qd2 h5 22. Rfd1 Kh7 23. Nd5 f6 24. Bd3 Kh8 25. Bb1 g5 26. b4 Qe6 27. a4 1-0

[Event "Rakovnik Regional-chT 1415"]
[Site "Rakovnik"]
[Date "2015.04.12"]
[Round "11.7"]
[White "Masak, Radim"]
[Black "Cozl, David"]
[Result "0-1"]
[WhiteElo "1968"]
[BlackElo "2009"]
[PlyCount "70"]
[EventDate "2014.10.19"]
[EventType "team-tourn"]
[EventRounds "11"]
[EventCountry "CZE"]
[SourceTitle "EXT 2016"]
[Source "ChessBase"]
[SourceDate "2015.10.08"]
[SourceVersion "1"]
[SourceVersionDate "2015.10.08"]
[SourceQuality "1"]
[WhiteTeam "Nymburk Sokol"]
[BlackTeam "Rakovnik"]
[WhiteTeamCountry "CZE"]
[BlackTeamCountry "CZE"]

1. e4 c6 2. d4 d5 3. e5 Bf5 4. h4 h6 5. g4 Bh7 6. e6 fxe6 7. Bd3 Bxd3 8. Qxd3 Qd6 9. f4 Nf6 10. h5 Ne4 11. Nf3 Nd7 12. Ne5 Nxe5 13. fxe5 Qd7 14. Nd2 0-0-0 15. c3 c5 16. dxc5 Nxc5 17. Qd4 Qc7 18. Nf3 g6 19. Be3 b6 20. Nh4 gxh5 21. gxh5 Rh7 22. 0-0-0 Rf7 23. Rdf1 Rxf1+ 24. Rxf1 Qxe5 25. Qxe5 Nd3+ 26. Kc2 Nxe5 27. Bd4 Ng4 28. Ng6 Bg7 29. Kd3 Bxd4 30. Kxd4 Kd7 31. Rf7 Re8 32. Rh7 Kd6 33. Nh8 e5+ 34. Kd3 Ke6 35. Nf7 Nf6 0-1

[Event "Rakovnik Regional-chT 1415"]
[Site "Rakovnik"]
[Date "2015.02.01"]
[Round "7.8"]
[White "Cozl, David"]
[Black "Mazanek, David"]
[Result "0-1"]
[WhiteElo "2009"]
[BlackElo "1932"]
[PlyCount "60"]
[EventDate "2014.10.19"]
[EventType "team-tourn"]
[EventRounds "11"]
[EventCountry "CZE"]
[SourceTitle "EXT 2016"]
[Source "ChessBase"]
[SourceDate "2015.10.08"]
[SourceVersion "1"]
[SourceVersionDate "2015.10.08"]
[SourceQuality "1"]
[WhiteTeam "Rakovnik"]
[BlackTeam "Lysa nad Labem IV"]
[WhiteTeamCountry "CZE"]
[BlackTeamCountry "CZE"]

1. c4 f5 2. Nf3 e6 3. Nc3 Nf6 4. d3 b6 5. a3 Bb7 6. b4 Bd6 7. Bb2 0-0 8. e3 Nc6 9. Qc2 a5 10. b5 Ne7 11. Be2 Ng6 12. h3 e5 13. 0-0-0 Qe7 14. Qb3 Kh8 15. Rhg1 Rab8 16. Nd2 Bc5 17. g4 f4 18. g5 Ne8 19. Nde4 fxe3 20. Nxc5 exf2 21. Nxb7 fxg1Q 22. Rxg1 Rxb7 23. Nd5 Qc5 24. d4 exd4 25. Bh5 c6 26. a4 d3 27. Re1 Qf2 28. Rxe8 Rxe8 29. Nf6 Re1+ 30. Bd1 Qc2+ 0-1

[Event "Jirasek Memorial op 25th"]
[Site "Rakovnik"]
[Date "2013.08.13"]
[Round "5"]
[White "Dungl, Petr"]
[Black "Cozl, David"]
[Result "1/2-1/2"]
[WhiteElo "1865"]
[BlackElo "1981"]
[PlyCount "42"]
[EventDate "2013.08.10"]
[EventType "swiss"]
[EventRounds "9"]
[EventCountry "CZE"]
[SourceTitle "EXT 2014"]
[Source "ChessBase"]
[SourceDate "2013.11.20"]
[SourceVersion "1"]
[SourceVersionDate "2013.11.20"]
[SourceQuality "1"]

1. Nf3 c6 2. c4 Nf6 3. d4 d5 4. cxd5 cxd5 5. Nc3 Nc6 6. Bf4 a6 7. e3 Bf5 8. Ne5 Qa5 9. Nxc6 bxc6 10. Qa4 Qb6 11. Be2 e6 12. 0-0 Be7 13. a3 0-0 14. b4 Nd7 15. Qd1 a5 16. Na4 Qa7 17. Nc5 e5 18. Nxd7 Qxd7 19. Bxe5 axb4 20. axb4 Bxb4 21. Qb3 Bd6 1/2-1/2

[Event "Jirasek Memorial op 25th"]
[Site "Rakovnik"]
[Date "2013.08.12"]
[Round "4"]
[White "Cozl, David"]
[Black "Vykouk, Jan"]
[Result "0-1"]
[WhiteElo "1981"]
[BlackElo "2034"]
[PlyCount "47"]
[EventDate "2013.08.10"]
[EventType "swiss"]
[EventRounds "9"]
[EventCountry "CZE"]
[SourceTitle "EXT 2014"]
[Source "ChessBase"]
[SourceDate "2013.11.20"]
[SourceVersion "1"]
[SourceVersionDate "2013.11.20"]
[SourceQuality "1"]

1. c4 e5 2. Nc3 Nf6 3. g3 Bb4 4. Bg2 0-0 5. Qc2 c6 6. a3 Bxc3 7. Qxc3 Re8 8. b4 d5 9. d3 h6 10. e4 Bg4 11. h3 Bh5 12. g4 Bg6 13. g5 hxg5 14. exd5 e4 15. dxc6 exd3+ 16. Be3 Nxc6 17. 0-0-0 Ne4 18. Bxe4 Bxe4 19. f3 Bg6 20. Kd2 Rc8 21. Rh2 Ne5 22. c5 b5 23. Bf2 Qf6 24. Kc1 0-1

[Event "Jirasek Memorial op 25th"]
[Site "Rakovnik"]
[Date "2013.08.11"]
[Round "2"]
[White "Cozl, David"]
[Black "Hadzala, Daniel"]
[Result "1/2-1/2"]
[WhiteElo "1981"]
[BlackElo "2075"]
[PlyCount "76"]
[EventDate "2013.08.10"]
[EventType "swiss"]
[EventRounds "9"]
[EventCountry "CZE"]
[SourceTitle "EXT 2014"]
[Source "ChessBase"]
[SourceDate "2013.11.20"]
[SourceVersion "1"]
[SourceVersionDate "2013.11.20"]
[SourceQuality "1"]

1. c4 Nf6 2. Nc3 d6 3. g3 g6 4. Bg2 Bg7 5. Nf3 0-0 6. d3 e5 7. 0-0 Nc6 8. a3 h6 9. Rb1 a5 10. b4 axb4 11. axb4 Be6 12. b5 Ne7 13. Bb2 Qd7 14. Qc2 Bh3 15. Ra1 Bxg2 16. Kxg2 Nh5 17. Rxa8 Rxa8 18. Ra1 Rxa1 19. Bxa1 Qg4 20. e3 Qd7 21. Qa4 c6 22. Qa7 f5 23. bxc6 Nxc6 24. Qa8+ Kh7 25. Nd2 Nb4 26. Nd5 Nxd3 27. Qa3 Ne1+ 28. Kf1 Nc2 29. Qa2 Nxa1 30. Qxa1 f4 31. Qd1 fxg3 32. hxg3 Qf5 33. g4 Qd3+ 34. Kg2 Nf6 35. Nxf6+ Bxf6 36. Qf3 Bg7 37. Ne4 Qxc4 38. Nxd6 Qc6 1/2-1/2

[Event "Jirasek Memorial op 24th"]
[Site "Rakovnik"]
[Date "2012.08.11"]
[Round "9"]
[White "Cozl, David"]
[Black "Kovar, Jan"]
[Result "1/2-1/2"]
[WhiteElo "2044"]
[BlackElo "2028"]
[PlyCount "28"]
[EventDate "2012.08.04"]
[EventType "swiss"]
[EventRounds "9"]
[EventCountry "CZE"]
[SourceTitle "CBM 149 Extra"]
[Source "ChessBase"]
[SourceDate "2012.08.24"]
[SourceVersion "1"]
[SourceVersionDate "2012.08.24"]
[SourceQuality "1"]

1. c4 e5 2. Nc3 f5 3. d3 d6 4. g3 Nf6 5. Bg2 g6 6. Bg5 Bg7 7. h4 h6 8. Bxf6 Bxf6 9. h5 g5 10. Qb3 c6 11. 0-0-0 Nd7 12. e4 Nc5 13. Qc2 Bd7 14. Nb5 cxb5 1/2-1/2

[Event "Jirasek Memorial op 24th"]
[Site "Rakovnik"]
[Date "2012.08.09"]
[Round "7"]
[White "Nemec, David"]
[Black "Cozl, David"]
[Result "1-0"]
[WhiteElo "2017"]
[BlackElo "2044"]
[PlyCount "63"]
[EventDate "2012.08.04"]
[EventType "swiss"]
[EventRounds "9"]
[EventCountry "CZE"]
[SourceTitle "CBM 149 Extra"]
[Source "ChessBase"]
[SourceDate "2012.08.24"]
[SourceVersion "1"]
[SourceVersionDate "2012.08.24"]
[SourceQuality "1"]

1. e4 c6 2. d4 d5 3. Nc3 dxe4 4. Nxe4 Bf5 5. Ng3 Bg6 6. Nf3 Nd7 7. h4 h6 8. h5 Bh7 9. Bd3 Bxd3 10. Qxd3 e6 11. Bf4 Ngf6 12. 0-0-0 Qa5 13. Kb1 Be7 14. Ne5 0-0 15. Nxd7 Nxd7 16. Ne4 Nf6 17. Qe2 Nxe4 18. Qxe4 Rad8 19. g4 Qd5 20. Qe2 Rd7 21. c4 Qa5 22. Bd2 Bb4 23. Bxb4 Qxb4 24. g5 hxg5 25. h6 g6 26. Qe5 f6 27. Qxe6+ Rdf7 28. h7+ Kh8 29. Rde1 Qd2 30. d5 Qd3+ 31. Ka1 Qxc4 32. Qxf7 1-0

[Event "Jirasek Memorial op 23rd"]
[Site "Rakovnik"]
[Date "2011.08.10"]
[Round "6"]
[White "Hruska, Jan"]
[Black "Cozl, David"]
[Result "1/2-1/2"]
[WhiteElo "2048"]
[BlackElo "1982"]
[PlyCount "137"]
[EventDate "2011.08.06"]
[EventType "swiss"]
[EventRounds "9"]
[EventCountry "CZE"]
[SourceTitle "CBM 143 Extra"]
[Source "ChessBase"]
[SourceDate "2011.08.29"]
[SourceVersion "1"]
[SourceVersionDate "2011.08.29"]
[SourceQuality "1"]

1. c4 c6 2. Nc3 Nf6 3. d4 d5 4. e3 e6 5. Nf3 Nbd7 6. Bd3 dxc4 7. Bxc4 Be7 8. 0-0 0-0 9. a3 c5 10. dxc5 Nxc5 11. b4 Nce4 12. Nxe4 Nxe4 13. Bb2 b6 14. Qe2 Bf6 15. Rfd1 Qe7 16. Nd4 Bb7 17. Rac1 Rac8 18. f3 Nd6 19. Bd3 Rfd8 20. Bb1 a6 21. a4 b5 22. Rxc8 Rxc8 23. axb5 Bxd4 24. bxa6 Bxa6 25. Qxa6 Bxb2 26. Qxd6 Qxd6 27. Rxd6 Rb8 28. b5 Ba3 29. Ra6 Bc5 30. Bd3 Bxe3+ 31. Kf1 Bb6 32. Ke2 h6 33. Be4 Kf8 34. h4 Ke7 35. g4 Kd6 36. Ra2 Ke5 37. Ra4 Bd8 38. Bc6 Bxh4 39. Ra7 Kf6 40. Ra6 Bg3 41. b6 Bf4 42. b7 g6 43. Ra5 Bc7 44. Rb5 Bf4 45. Bd7 Ke7 46. Bc8 Kd8 47. Rb4 Bd6 48. Rc4 Ke7 49. Ke3 Kf6 50. Rc6 Ke5 51. Rc1 f5 52. Rc4 Kd5 53. Ra4 Bc5+ 54. Ke2 Bd6 55. Kd3 Bc7 56. Rc4 Bb6 57. Ra4 Kd6 58. Ke2 Kc7 59. Rc4+ Kd6 60. Kd3 e5 61. Ke2 e4 62. gxf5 exf3+ 63. Kxf3 gxf5 64. Kf4 Bf2 65. Kxf5 h5 66. Rc2 Bg3 67. Ke4 h4 68. Rc3 Bh2 69. Rc2 1/2-1/2

[Event "CZE-chT2A 0910"]
[Site "Czech Republic"]
[Date "2010.03.14"]
[Round "9.7"]
[White "Cozl, David"]
[Black "Koubek, Vaclav1111"]
[Result "0-1"]
[WhiteElo "2012"]
[BlackElo "2080"]
[PlyCount "78"]
[EventDate "2009.10.18"]
[EventType "team-tourn"]
[EventRounds "11"]
[EventCountry "CZE"]
[SourceTitle "EXT 2012"]
[Source "ChessBase"]
[SourceDate "2011.11.24"]
[SourceVersion "1"]
[SourceVersionDate "2011.11.24"]
[SourceQuality "1"]
[WhiteTeam "Zebrak"]
[BlackTeam "Zizkov"]
[WhiteTeamCountry "CZE"]
[BlackTeamCountry "CZE"]

1. Nf3 Nf6 2. c4 g6 3. Nc3 Bg7 4. g3 d6 5. Bg2 Nc6 6. 0-0 0-0 7. d3 e5 8. a3 Bd7 9. Qc2 Qc8 10. Re1 Re8 11. Bd2 Rb8 12. Rab1 Bf5 13. e4 Bh3 14. b4 Bxg2 15. Kxg2 Rf8 16. b5 Ne7 17. Rbc1 Nd7 18. Na4 c5 19. bxc6 Qxc6 20. Be3 Rbc8 21. Qb3 b6 22. Nc3 Nc5 23. Bxc5 dxc5 24. Nd5 Nxd5 25. exd5 Qd6 26. Rc2 Rce8 27. Qb5 f5 28. Ng5 f4 29. Ne6 f3+ 30. Kh1 Rxe6 31. dxe6 Qxe6 32. Qb1 Rd8 33. Qd1 Qf5 34. Re3 e4 35. Rd2 Qh3 36. Qg1 Bh6 37. Rd1 Bxe3 38. fxe3 Rxd3 39. Rxd3 exd3 0-1

[Event "CZE-chT2A 0910"]
[Site "Czech Republic"]
[Date "2010.01.31"]
[Round "6.7"]
[White "Cozl, David"]
[Black "Malecek, Jiri"]
[Result "1-0"]
[WhiteElo "2012"]
[BlackElo "2070"]
[PlyCount "103"]
[EventDate "2009.10.18"]
[EventType "team-tourn"]
[EventRounds "11"]
[EventCountry "CZE"]
[SourceTitle "EXT 2012"]
[Source "ChessBase"]
[SourceDate "2011.11.24"]
[SourceVersion "1"]
[SourceVersionDate "2011.11.24"]
[SourceQuality "1"]
[WhiteTeam "Zebrak"]
[BlackTeam "Kozolupy"]
[WhiteTeamCountry "CZE"]
[BlackTeamCountry "CSR"]

1. Nf3 Nf6 2. c4 g6 3. g3 Bg7 4. Bg2 d6 5. Nc3 e5 6. d3 0-0 7. Bg5 h6 8. Bd2 Kh7 9. Qc1 Bg4 10. h3 Bxf3 11. Bxf3 Nc6 12. g4 Ng8 13. g5 h5 14. Rb1 Rb8 15. b4 Nd4 16. Be4 Ne7 17. Nd5 Nxd5 18. cxd5 Qd7 19. Be3 Qa4 20. Bxd4 exd4 21. Qb2 Qd7 22. Rc1 Rfc8 23. b5 Be5 24. Rb1 Qd8 25. Qd2 a6 26. f4 Bg7 27. f5 Be5 28. Rf1 Bg3+ 29. Kd1 Qd7 30. e3 Rf8 31. exd4 axb5 32. Qe3 h4 33. Qf3 Kg7 34. Qg4 Qe8 35. Rf3 b4 36. Rxb4 Ra8 37. f6+ Kg8 38. Rxg3 hxg3 39. Qxg3 Rxa2 40. Qh4 Qa8 41. Qh6 Ra1+ 42. Kc2 Qa2+ 43. Rb2 Qa4+ 44. Kd2 Qd1+ 45. Ke3 Qg1+ 46. Rf2 Re1+ 47. Kf3 Qh1+ 48. Kg3 Re3+ 49. Bf3 Qg1+ 50. Rg2 Rxf3+ 51. Kxf3 Qf1+ 52. Kg3 1-0

[Event "CZE-chT2A 0910"]
[Site "Czech Republic"]
[Date "2009.11.17"]
[Round "4.6"]
[White "Gdovin, Jan"]
[Black "Cozl, David"]
[Result "0-1"]
[WhiteElo "2102"]
[BlackElo "2012"]
[PlyCount "64"]
[EventDate "2009.10.18"]
[EventType "team-tourn"]
[EventRounds "11"]
[EventCountry "CZE"]
[SourceTitle "EXT 2012"]
[Source "ChessBase"]
[SourceDate "2011.11.24"]
[SourceVersion "1"]
[SourceVersionDate "2011.11.24"]
[SourceQuality "1"]
[WhiteTeam "Pisek Platan"]
[BlackTeam "Zebrak"]
[WhiteTeamCountry "CZE"]
[BlackTeamCountry "CZE"]

1. e4 c6 2. d4 d5 3. exd5 cxd5 4. c4 Nf6 5. Nc3 e6 6. Nf3 Be7 7. Bd3 0-0 8. 0-0 b6 9. Bg5 Bb7 10. Rc1 Nbd7 11. cxd5 Nxd5 12. Bxe7 Qxe7 13. Bb1 Rfc8 14. Qd3 g6 15. Rfe1 Nxc3 16. bxc3 Qf6 17. Re3 Qf4 18. g3 Qh6 19. Nd2 Nf6 20. f4 Rc7 21. c4 Rd8 22. Nb3 Ng4 23. Ree1 Qh3 24. Rc3 e5 25. d5 exf4 26. gxf4 Qxd3 27. Rxd3 Rxc4 28. f5 Rxd5 29. Rxd5 Bxd5 30. fxg6 hxg6 31. h3 Nf6 32. Kf2 a5 0-1

[Event "CZE-chT2A 0910"]
[Site "Czech Republic"]
[Date "2009.11.08"]
[Round "2.8"]
[White "Chalus, Karel"]
[Black "Cozl, David"]
[Result "1-0"]
[WhiteElo "2066"]
[BlackElo "2012"]
[PlyCount "81"]
[EventDate "2009.10.18"]
[EventType "team-tourn"]
[EventRounds "11"]
[EventCountry "CZE"]
[SourceTitle "EXT 2012"]
[Source "ChessBase"]
[SourceDate "2011.11.24"]
[SourceVersion "1"]
[SourceVersionDate "2011.11.24"]
[SourceQuality "1"]
[WhiteTeam "Plzen Letna"]
[BlackTeam "Zebrak"]
[WhiteTeamCountry "CZE"]
[BlackTeamCountry "CZE"]

1. e4 c6 2. d4 d5 3. exd5 cxd5 4. Nf3 Nc6 5. c3 Nf6 6. Bd3 e6 7. 0-0 a6 8. a4 b6 9. Re1 Be7 10. h3 0-0 11. Bf4 Bb7 12. Nbd2 Rc8 13. Qe2 Ra8 14. Ne5 Nxe5 15. dxe5 Nd7 16. Qg4 Kh8 17. Nf3 g6 18. Bh6 Nc5 19. Bc2 Rc8 20. Bxf8 Bxf8 21. Ng5 Kg8 22. Re3 Rc7 23. b4 Nd7 24. h4 Rc4 25. Qg3 Bg7 26. Bb3 Rc7 27. h5 h6 28. Nxf7 Kxf7 29. Qxg6+ Kg8 30. Qxe6+ Kh8 31. Rd1 Nf8 32. Qxb6 Qe7 33. Bxd5 Bc8 34. Qd6 Bg4 35. Qxe7 Rxe7 36. f3 Bxh5 37. Rde1 Nd7 38. f4 Nb6 39. Bb3 Bg4 40. a5 Nd7 41. Rd3 1-0

[Event "Czechia KP-chTA 0607"]
[Site "Czech Republic"]
[Date "2007.02.18"]
[Round "8.4"]
[White "Cozl, David"]
[Black "Ruzicka, Vaclav"]
[Result "1-0"]
[WhiteElo "1911"]
[BlackElo "1788"]
[PlyCount "95"]
[EventDate "2006.10.29"]
[EventType "team"]
[EventRounds "11"]
[EventCountry "CZE"]
[SourceTitle "EXT 2008"]
[Source "ChessBase"]
[SourceDate "2007.11.25"]
[SourceVersion "1"]
[SourceVersionDate "2007.11.25"]
[SourceQuality "1"]
[WhiteTeam "Zebrak"]
[BlackTeam "Kladno II"]
[WhiteTeamCountry "CZE"]
[BlackTeamCountry "CZE"]

1. c4 f5 2. e3 Nf6 3. Nc3 c6 4. Nf3 g6 5. Qb3 Qb6 6. Qc2 Bg7 7. d4 0-0 8. Bd3 d6 9. b3 Qc7 10. Bb2 e5 11. dxe5 dxe5 12. e4 f4 13. 0-0-0 Bg4 14. h3 Bxf3 15. gxf3 Na6 16. a3 Nc5 17. b4 Nxd3+ 18. Rxd3 Rfd8 19. Rhd1 Rxd3 20. Qxd3 Re8 21. Qd6 Qxd6 22. Rxd6 Re7 23. Na4 Nd7 24. Kc2 Kf7 25. Bc3 b5 26. Nb2 Nb8 27. cxb5 cxb5 28. Rd5 a6 29. Nd3 Nd7 30. Rd6 Nb8 31. Nc5 Ra7 32. Rb6 Nd7 33. Rxa6 Rxa6 34. Nxa6 Ke7 35. Nc7 Kf6 36. Nxb5 Kg5 37. Kd2 Kh4 38. Ke2 Kxh3 39. Kf1 Nb6 40. Nd6 g5 41. Nf7 h6 42. Bxe5 Bxe5 43. Nxe5 Kh4 44. Nd3 Kh5 45. Nc5 Kg6 46. a4 Kf6 47. a5 Na8 48. b5 1-0

[Event "Czechia KP-chTA 0607"]
[Site "Czech Republic"]
[Date "2006.11.26"]
[Round "3.6"]
[White "Kazimour, Frantisek"]
[Black "Cozl, David"]
[Result "0-1"]
[WhiteElo "1985"]
[BlackElo "1911"]
[PlyCount "78"]
[EventDate "2006.10.29"]
[EventType "team"]
[EventRounds "11"]
[EventCountry "CZE"]
[SourceTitle "EXT 2008"]
[Source "ChessBase"]
[SourceDate "2007.11.25"]
[SourceVersion "1"]
[SourceVersionDate "2007.11.25"]
[SourceQuality "1"]
[WhiteTeam "Kladno"]
[BlackTeam "Zebrak"]
[WhiteTeamCountry "CZE"]
[BlackTeamCountry "CZE"]

1. Nf3 c6 2. d4 d5 3. Bf4 Bf5 4. e3 e6 5. Nbd2 h6 6. h3 Nf6 7. c3 Be7 8. Be2 Nbd7 9. Ne5 Nxe5 10. Bxe5 a6 11. a4 0-0 12. 0-0 Rc8 13. b4 a5 14. Qb3 axb4 15. cxb4 Qb6 16. b5 cxb5 17. Bxb5 Qa5 18. Nf3 Rc3 19. Qd1 Rfc8 20. Bxf6 Bxf6 21. Ne5 Bxe5 22. dxe5 Qb4 23. Qd4 Qxd4 24. exd4 Bd3 25. Rfd1 Bxb5 26. axb5 Rb3 27. Rab1 Rxb1 28. Rxb1 Rc4 29. Kf1 Rxd4 30. Ke2 b6 31. f3 Kh7 32. Ke3 Rc4 33. Kd3 Kg6 34. g3 Ra4 35. Rb3 Kf5 36. f4 g5 37. Rc3 gxf4 38. gxf4 Rb4 39. Ke3 Rxb5 0-1

[Event "Czechia KP-chTA 0607"]
[Site "Czech Republic"]
[Date "2006.11.12"]
[Round "2.5"]
[White "Brecka, Frantisek"]
[Black "Cozl, David"]
[Result "1-0"]
[WhiteElo "1970"]
[BlackElo "1911"]
[PlyCount "55"]
[EventDate "2006.10.29"]
[EventType "team"]
[EventRounds "11"]
[EventCountry "CZE"]
[SourceTitle "EXT 2008"]
[Source "ChessBase"]
[SourceDate "2007.11.25"]
[SourceVersion "1"]
[SourceVersionDate "2007.11.25"]
[SourceQuality "1"]
[WhiteTeam "Melnik"]
[BlackTeam "Zebrak"]
[WhiteTeamCountry "CZE"]
[BlackTeamCountry "CZE"]

1. e4 c6 2. d4 d5 3. exd5 cxd5 4. c4 Nf6 5. Nc3 e6 6. Nf3 a6 7. Be2 Nc6 8. a3 dxc4 9. Bxc4 b5 10. Ba2 Bb7 11. 0-0 Ne7 12. Be3 Ned5 13. Re1 Be7 14. Rc1 0-0 15. Nxd5 Nxd5 16. Ne5 Rc8 17. Qh5 g6 18. Qh3 Nxe3 19. fxe3 Rxc1 20. Rxc1 Qa5 21. Rf1 Bd5 22. Bxd5 exd5 23. Nxf7 Qb6 24. Ne5 Rxf1+ 25. Kxf1 Bg5 26. Qc8+ Kg7 27. Qd7+ Kh6 28. Ng4+ 1-0

[Event "CZE-chT3A Middle 0506  "]
[Site "Czech Republic"]
[Date "2006.01.22"]
[Round "6.5"]
[White "Mudra, Pavel"]
[Black "Cozl, David"]
[Result "1-0"]
[WhiteElo "2082"]
[BlackElo "1895"]
[PlyCount "137"]
[EventDate "2005.10.30"]
[EventType "team"]
[EventRounds "11"]
[EventCountry "CZE"]
[SourceTitle "EXT 2009"]
[Source "ChessBase"]
[SourceDate "2008.11.26"]
[SourceVersion "1"]
[SourceVersionDate "2008.11.26"]
[SourceQuality "1"]

1. Nf3 c6 2. d4 d5 3. Bf4 Nf6 4. e3 Bg4 5. Nbd2 e6 6. Bd3 Nbd7 7. h3 Bh5 8. c3 Qb6 9. Qb3 Be7 10. 0-0 0-0 11. Rfe1 Rfc8 12. e4 Bxf3 13. gxf3 a5 14. Qxb6 Nxb6 15. Be3 Na4 16. Rab1 b5 17. Rec1 Nb6 18. b3 a4 19. b4 h6 20. Kh2 Kh8 21. Rg1 Rg8 22. e5 Nh7 23. f4 f5 24. exf6 Nxf6 25. Nf3 Nbd7 26. Rg6 Nf8 27. Ne5 Ne4 28. f3 Nd6 29. Rg2 Bf6 30. Rbg1 Rc8 31. Bd2 Rc7 32. Ng4 Nd7 33. Nxh6 Rf8 34. Ng4 Nf5 35. Re2 Nh4 36. Rf1 Re8 37. Kg3 Bd8 38. f5 Nf8 39. Rfe1 Rf7 40. f4 Nxf5+ 41. Bxf5 Rxf5 42. Re5 Rf7 43. Rh5+ Kg8 44. Ne5 Rc7 45. Nf3 Nh7 46. Rhe5 Rce7 47. R5e2 Nf6 48. Ng5 Bc7 49. Kf3 Ne4 50. Nxe4 dxe4+ 51. Rxe4 Kf7 52. R1e2 g6 53. Be1 Rh8 54. Kg4 Rh5 55. c4 Rf5 56. Rc2 Ke8 57. cxb5 cxb5 58. Rc6 Kd7 59. Ra6 Re8 60. Bh4 Ref8 61. Bg5 Re8 62. h4 Rd5 63. Bf6 Rh5 64. Re2 Rd5 65. Rc2 Bxf4 66. Ra7+ Kd6 67. Kxf4 Rf5+ 68. Ke4 Rxf6 69. Rac7 1-0

[Event "CZE-chT3A Middle 0506  "]
[Site "Czech Republic"]
[Date "2005.11.27"]
[Round "3.5"]
[White "Crha, Josef"]
[Black "Cozl, David"]
[Result "1/2-1/2"]
[WhiteElo "2120"]
[BlackElo "1895"]
[PlyCount "99"]
[EventDate "2005.10.30"]
[EventType "team"]
[EventRounds "11"]
[EventCountry "CZE"]
[SourceTitle "EXT 2009"]
[Source "ChessBase"]
[SourceDate "2008.11.26"]
[SourceVersion "1"]
[SourceVersionDate "2008.11.26"]
[SourceQuality "1"]

1. d4 c6 2. c4 d5 3. Nc3 Nf6 4. Nf3 dxc4 5. a4 Bf5 6. e3 Bd3 7. Bxd3 cxd3 8. Qxd3 e6 9. 0-0 Nbd7 10. e4 Be7 11. Bg5 0-0 12. Rfd1 h6 13. Bh4 Ng4 14. Bxe7 Qxe7 15. e5 Rfd8 16. Qe4 h5 17. Rd3 Nb6 18. h3 Nh6 19. g4 Rd7 20. Rad1 Rad8 21. Kg2 Nc4 22. Rb1 a6 23. b4 Na3 24. Rb3 Nc4 25. b5 Na5 26. Rb1 axb5 27. axb5 cxb5 28. Rxb5 Nc6 29. Na4 Na7 30. Rb1 b5 31. Nc5 Rd5 32. Kg3 Rb8 33. Rdb3 Qd8 34. R1b2 g6 35. Nd3 Kg7 36. Nf4 Rd7 37. Kh2 hxg4 38. hxg4 Nxg4+ 39. Kg2 Nh6 40. Rd2 Rc8 41. Rb4 Rc4 42. Rxc4 bxc4 43. Rc2 Qc8 44. d5 exd5 45. Nxd5 Qc6 46. Nf6 Qxe4 47. Nxe4 Rc7 48. Nd6 Rc5 49. Rxc4 Rxc4 50. Nxc4 1/2-1/2